Calculus and analytic geometry /

Salvato in:
Dettagli Bibliografici
Autore principale: Stein, Sherman K (Autore)
Natura: Libro
Lingua:inglese
Pubblicazione: New York : McGraw-Hill, 1987
Edizione:4.vyd.
Tags: Aggiungi Tag
Nessun Tag, puoi essere il primo ad aggiungerne!!

MARC

LEADER 00000nam a22000003a 4500
001 stu26962
005 20150617225740.2
008 930204s1987----xxu-----------------eng-d
020 |a 0-07-061159-9 
040 |a STU  |b slo 
041 0 |a eng 
044 |a xxu 
080 |a 515'.16 
100 1 |a Stein, Sherman K  |4 aut 
245 1 |a Calculus and analytic geometry /  |c [aut]Stein,Sherman K 
250 |a 4.vyd. 
260 |a New York :  |b McGraw-Hill,  |c 1987 
300 |a 20,878,183 s 
996 |b 284V027564  |c V*41200/O-17422  |l VVT  |s A  |a 24  |w stu26962_0001 
996 |c V*41220/O-17440  |l VV3  |s P  |a 0  |w stu26962_0002 
996 |c V*41237/O-17457  |l VV7  |s P  |a 0  |w stu26962_0003 
996 |c V*41246/O-17466  |l VV5  |s P  |a 0  |w stu26962_0004